Statistics for US American Football Teams

Click here to take the quiz!

General Stats

  • This quiz has been taken 214 times
  • The average score is 22 of 32

Answer Stats

LocationTeam% Correct
Kansas CityChiefs
90%
Green BayPackers
86%
DallasCowboys
81%
ChicagoBears
80%
BuffaloBills
80%
BaltimoreRavens
79%
DetroitLions
77%
MiamiDolphins
76%
Las VegasRaiders
75%
JacksonvilleJaguars
74%
San Francisco49ers
72%
New EnglandPatriots
71%
HoustonTexans
71%
ClevelandBrowns
70%
ArizonaCardinals
70%
PhiladelphiaEagles
70%
CincinnatiBengals
69%
CarolinaPanthers
69%
Los AngelesRams
69%
DenverBroncos
68%
IndianapolisColts
68%
New YorkJets
67%
MinnesotaVikings
67%
AtlantaFalcons
66%
New YorkGiants
65%
PittsburghSteelers
64%
Los AngelesChargers
59%
SeattleSeahawks
58%
New OrleansSaints
57%
TennesseeTitans
53%
Tampa BayBuccaneers
50%
WashingtonCommanders
45%

Score Distribution

Percentile by Number Answered

Percent of People with Each Score

Your Score History

You have not taken this quiz